000 00368nam a22001457a 4500
005 20250715163527.0
008 250619b |||||||| |||| 00| 0 eng d
020 _a9780851114859
050 _aBT198
_b.S746 STO
100 _aSTOTT JOHN
245 _aTHE INCOMPARABLE CHRIST
260 _aNOTTINGHAM
_bINTER-VARSITY PRESS
_cc2001
300 _a250p
942 _2lcc
_cBK
_n0
999 _c6594
_d6594